El niño bien dotado y sus problemas: perspectivas de una investigación española en el primer ciclo de E.G.B

Guardat en:
Dades bibliogràfiques
Autors principals: García Yagüe, Juan (Autor), Gil Muñoz, Carlos (Autor), Ortiz, Carlos (Autor), Pablo, Carmen de (Autor), Lázaro, Ángel (Autor)
Format: Llibre
Idioma:espanyol
Publicat: Madrid CEPE 1986
Col·lecció:Coleción Educación Especial, 7
Matèries:
Etiquetes: Afegir etiqueta
Sense etiquetes, Sigues el primer a etiquetar aquest registre!

MARC

LEADER 00000nam a2200000 a 4500
001 UCQ1402
003 CL-VaPUC
008 980710e19860000SP |||||||||||||||||spa|d
082 0 4 |a 371.95  |b GAR  |2 21 
100 |a García Yagüe, Juan  |e author  |9 415177 
700 0 |a Gil Muñoz, Carlos  |e author  |9 415178 
700 0 |a Ortiz, Carlos  |e author  |9 415179 
700 0 |a Pablo, Carmen de  |e author  |9 415180 
700 |a Lázaro, Ángel  |e author  |9 415181 
245 1 3 |a El niño bien dotado y sus problemas: perspectivas de una investigación española en el primer ciclo de E.G.B 
300 |a 207 p 
942 |c BK 
945 |d 19980710 00:00:00  |a aalvarez 
260 |a Madrid  |b CEPE  |c 1986 
650 0 |a Educación especial  |9 307486 
650 0 |a Comunicación   |9 257251 
650 0 |a Lenguaje infantil   |9 314705 
650 7 |a SUPERDOTADOS  |2 CL-VaPUC  |9 357545 
650 0 |a Trastornos del comportamiento  |9 311363 
650 0 |a Personalidad   |9 307255 
650 0 |a Rendimiento escolar  |9 330254 
650 0 |a Investigación educacional   |9 261192 
583 |a last modification  |c 19980710 00:00:00  |k Rodrigo Vera 
490 0 |a Coleción Educación Especial, 7 
999 |c 272400  |d 272398 
952 |0 0  |1 0  |4 0  |6 371_950000000000000_GAR_1986  |7 0  |8 A  |9 307318  |a BIBEDU  |b BIBEDU  |d 2019-11-20  |i 3440109  |l 1  |o 371.95 GAR 1986  |p 3440109  |r 2023-11-22  |s 2023-11-22  |w 2019-11-20  |y BK  |k BME 
952 |0 0  |1 0  |4 0  |6 371_950000000000000_GAR_1986  |7 0  |8 A  |9 307319  |a BIBEDU  |b BIBEDU  |d 2019-11-20  |i 3722465  |o 371.95 GAR 1986  |p 3722465  |r 2019-11-20  |w 2019-11-20  |y BK  |k EPE